000 00877nam a22002297a 4500
008 090305t xxu||||| |||| 00| 0 eng d
010 _aENG-93068
020 _c140.00
_a9788189841744
035 _aEN-76601
037 _bDBAD / PUB
040 _adpl
_bEnglish
082 _a005.133
100 _aJayabalan, R.
245 _aCOBOL programming /
_cby E.Jayabalan
260 _aErode
_bPallavi Pathippagam
_c2008
270 _a194, Kanna Complex, Mettur Road,
_bErode
_e11
300 _a144p.
_c20cm (pbk)
500 _aIncludes references
650 _aCOBOL (Computer program language).
942 _2ddc
_cEN
_mJAY
_h005.133
999 _c24888
_d24888